| 000 | 01377cam a2200349 i 4500 | ||
|---|---|---|---|
| 999 |
_c3144 _d3144 |
||
| 001 | 17847675 | ||
| 003 | GZU | ||
| 005 | 20201119085517.0 | ||
| 008 | 130812s2013 enka b 001 0 eng | ||
| 010 | _a 2013363330 | ||
| 020 | _a9780199664238 (pbk.) | ||
| 020 | _a0199664234 (pbk.) | ||
| 040 |
_aDLC _beng _cDLC _erda _dDLC |
||
| 042 | _apcc | ||
| 043 | _ae-uk--- | ||
| 050 | 0 | 0 |
_aKD1629 _b.B373 2013 |
| 100 | 1 |
_aBaskind, Eric, _eauthor. |
|
| 245 | 1 | 0 |
_aCommercial law / _cEric Baskind, senior lecturer in law, Liverpool John Moores University; Greg Osborne, senior lecturer in law, University of Portsmouth; Lee Roach, senior lecturer in law, University of Portsmouth. |
| 264 | 1 |
_aOxford, United Kingdom : _bOxford University Press, _c[2013] |
|
| 300 |
_axlv, 753 pages : _billustrations ; _c25 cm |
||
| 336 |
_atext _2rdacontent |
||
| 337 |
_aunmediated _2rdamedia |
||
| 338 |
_avolume _2rdacarrier |
||
| 504 | _aIncludes bibliographical references and index. | ||
| 650 | 0 |
_aCommercial law _zGreat Britain. |
|
| 700 | 1 |
_aOsborne, Greg, _eauthor. |
|
| 700 | 1 |
_aRoach, Lee _c(College teacher), _eauthor. |
|
| 856 | 4 | 1 |
_3Table of contents only _uhttp://www.loc.gov/catdir/toc/fy14pdf03/2013363330.html |
| 906 |
_a7 _bcbc _corignew _d2 _encip _f20 _gy-gencatlg |
||
| 942 |
_2lcc _cBK _h1629 _iBAS _kKD _m2013 |
||